000 00641nam a2200253Ia 4500
003 OSt
005 20220912151732.0
006 a|||||r|||| 00| 0
007 ta
008 220909b |||||||| |||| 00| 0 eng d
024 _a35018
037 _cTextual
040 _aCSL
_beng
_cCSL
041 _aeng
082 _aYZ, L81
100 _aHolme Anthea
245 0 _aSocial workers and volunteers
260 _aLondon
_bGeorge Allen & Unwin
_c1978
300 _a222p.
_ccm.
650 _aSocial work
700 _a Maizels Joan
942 _hYZ, L81
_cTEXL
_2CC
999 _c74209
_d74209